000
00186nam a2200085Ia 4500
008
170617s9999 xx 000 0 und d
100
_a
Seth- A K
245
0
_a
Pharmaceutics
260
_b
P . V. Books
260
_c
2014
999
_c
15594
_d
15594